Paises que nunca han estados en un mundial - Estadísticas

Estadísticas generales
  • Esta prueba ha sido intentada 67 veces
  • La puntuación promedio es 24 de 53
Estadísticas de respuestas
Hint Respuesta % Correcto
UEFA Luxemburgo
73%
UEFA Bielorrusia
71%
UEFA Andorra
69%
UEFA Estoniia
69%
UEFA Letonia
69%
UEFA Albania
64%
UEFA Finlandia
64%
CONMEBOL Venezuela
62%
CONCACAF Guatemala
56%
UEFA Macedonia Del Norte
56%
CONCACAF Nicaragua
56%
UEFA Georgia
55%
CAF Uganda
55%
OFC Vanuatu
55%
UEFA Armenia
53%
OFC Samoa
53%
OFC Tonga
53%
CAF Cabo Verde
51%
CAF Etiopia
51%
AFC Jordania
51%
AFC Mongolia
51%
CONCACAF Republica Dominicana
51%
AFC Afganistan
49%
CAF Guinea
49%
AFC Pakistan
49%
CAF Ruanda
49%
AFC Camboya
47%
OFC Islas salomon
47%
AFC Nepal
47%
UEFA Kazajistan
45%
CAF Kenia
45%
CAF Madagascar
45%
CAF Sudan
45%
AFC Filipinas
44%
CAF Liberia
44%
CAF Libia
44%
AFC Siria
44%
CAF Tanzania
44%
AFC Malasia
42%
AFC Tailandia
42%
CAF Zimbabue
42%
AFC Singapur
40%
OFC Fiyi
38%
OFC Papua Nueva Guinea
38%
CONCACAF Puerto Rico
24%
AFC Bangladesh
22%
CAF Malawi
16%
AFC Palestina
16%
OFC Tahiti
16%
OFC Islas Cook
13%
AFC Hong Kong
11%
CONCACAF Bermudas
9%
OFC Nueva Caledonia
9%
No se encontraron pruebas coincidentes
Distribución de puntuación
Porcentaje de gente con cada puntuación
Porcentaje por número respondido
Historial de tus puntuaciones
No has intentado esta prueba.